[Event "AUTO-OPEN-3972"]
[Site "http://www.queenalice.com/game.php?id=1541280"]
[Date "2018.9.5"]
[Round "1"]
[White "Fabio"]
[Black "Stephanoie"]
[Result "1-0"]
[WhiteElo "1961"]
[BlackElo "1688"]

1. d4 d5 2. c4 e6 3. c5 c6 4. Nf3 Nf6 5. Bg5 Be7 6. e3 O-O 7. Bd3 Nbd7 8. Ne5
Ne4 9. Bxe4 dxe4 10. Bxe7 Qxe7 11. Nxd7 Qxd7 12. Nc3 f5 13. Qe2 Qe7 14. O-O-O b6
15. f3 bxc5 16. fxe4 fxe4 17. dxc5 Qxc5 18. Kb1 e5 19. Nxe4 Bf5 20. Qd3 Qb4 21.
Ka1 Qxe4 22. Qb3+ Kh8 23. Qb7 Rfb8 24. Qf7 Rxb2 25. Kxb2 Rb8+ 26. Ka1 Qd4+ 27.
Rxd4 1-0

[Event "AUTO-OPEN-3972"]
[Site "http://www.queenalice.com/game.php?id=1541281"]
[Date "2018.9.5"]
[Round "1"]
[White "Stephanoie"]
[Black "maurice91"]
[Result "0-1"]
[WhiteElo "1546"]
[BlackElo "1879"]

1. Nf3 c6 2. d4 g6 3. e3 d6 4. c4 Bg7 5. Be2 e6 6. O-O Ne7 7. Nc3 Nd7 8. b3 O-O
9. Bb2 b6 10. Rc1 Bb7 11. Ba1 e5 12. dxe5 Nxe5 13. Nxe5 Bxe5 14. Ne4 Bxa1 15.
Rxa1 d5 16. Nf6+ Kg7 17. Qd4 Nf5 18. Nh5+ Kh6 19. Qf4+ Qg5 20. Qxg5+ Kxg5 0-1

[Event "AUTO-OPEN-3972"]
[Site "http://www.queenalice.com/game.php?id=1541282"]
[Date "2018.9.5"]
[Round "1"]
[White "maurice91"]
[Black "Stephanoie"]
[Result "1-0"]
[WhiteElo "1876"]
[BlackElo "1550"]

1. d4 d5 2. c4 e6 3. Bf4 c6 4. e3 Nf6 5. Nf3 Be7 6. Be2 O-O 7. Nbd2 Nbd7 8. O-O
b6 9. a3 Bb7 10. Rc1 c5 11. dxc5 Nxc5 12. b4 Nce4 13. cxd5 Bxd5 14. Bc7 Qd7 15.
Ne5 Qe8 16. a4 Bxb4 17. Bb5 Qe7 18. Nxe4 Bxe4 19. f3 Bb7 20. Bd6 1-0

[Event "AUTO-INT-3372"]
[Site "http://www.queenalice.com/game.php?id=1541445"]
[Date "2018.9.8"]
[Round "1"]
[White "Stephanoie"]
[Black "caradepau"]
[Result "0-1"]
[WhiteElo "1577"]
[BlackElo "1581"]

1. Nf3 d5 2. d4 h6 3. e3 a6 4. c4 Nf6 5. cxd5 Nxd5 6. Be2 Bf5 7. O-O e6 8. Bd2
Bb4 9. Bxb4 Nxb4 10. a3 Bxb1 11. Rxb1 Nd5 12. Ne5 Qd6 13. Bf3 O-O 14. Rc1 Nd7
15. Nxd7 Qxd7 16. Bxd5 exd5 17. Qb3 b5 18. Rc5 c6 19. Rfc1 Qf5 0-1

[Event "AUTO-INT-3372"]
[Site "http://www.queenalice.com/game.php?id=1541446"]
[Date "2018.9.8"]
[Round "1"]
[White "caradepau"]
[Black "Stephanoie"]
[Result "1-0"]
[WhiteElo "1563"]
[BlackElo "1608"]

1. e4 e5 2. Bc4 d6 3. h3 f5 4. Nc3 fxe4 5. d4 exd4 6. Nb1 Be7 7. Qxd4 Nf6 8. Ne2
Nc6 9. Qc3 d5 10. Bb5 Bd7 11. a3 O-O 12. O-O a6 13. Bxc6 Bxc6 14. Nf4 Bd6 15.
Ne6 Qd7 16. Nxf8 Rxf8 17. Qd4 Qe7 18. Bg5 Be5 19. Bxf6 1-0

[Event "AUTO-INT-3372"]
[Site "http://www.queenalice.com/game.php?id=1541447"]
[Date "2018.9.8"]
[Round "1"]
[White "Stephanoie"]
[Black "fpferreira"]
[Result "0-1"]
[WhiteElo "1457"]
[BlackElo "1480"]

1. Nf3 d5 2. d4 Bg4 3. e3 Nf6 4. Be2 e6 5. O-O Bxf3 6. Bxf3 Bd6 7. Nd2 Nc6 8. a3
a5 9. c4 dxc4 10. Nxc4 O-O 11. Nxd6 Qxd6 12. Bd2 Nb4 13. axb4 axb4 14. Rxa8 Rxa8
15. Qb3 Nd5 16. Bxd5 Qxd5 17. Qxd5 exd5 0-1

[Event "AUTO-INT-3372"]
[Site "http://www.queenalice.com/game.php?id=1541448"]
[Date "2018.9.8"]
[Round "1"]
[White "fpferreira"]
[Black "Stephanoie"]
[Result "0-1"]
[WhiteElo "1393"]
[BlackElo "1700"]

1. e4 e6 2. e5 d5 3. d4 c5 4. c3 Nc6 5. Nf3 Bd7 6. Na3 Qb6 7. Bb5 cxd4 8. cxd4
Bxa3 9. Bxc6 Bb4+ 10. Bd2 Bxd2+ 11. Qxd2 Bxc6 0-1

[Event "AUTO-ADV-4066"]
[Site "http://www.queenalice.com/game.php?id=1541505"]
[Date "2018.9.8"]
[Round "1"]
[White "Stephanoie"]
[Black "adriano1953"]
[Result "0-1"]
[WhiteElo "1440"]
[BlackElo "1929"]

1. Nf3 d5 2. d4 Nf6 3. e3 Bg4 4. c4 c6 5. cxd5 cxd5 6. Be2 e6 7. O-O Bd6 8. h3
Bf5 9. Nc3 O-O 10. a3 Nc6 11. Bd2 a6 12. Rc1 b5 13. b4 h6 0-1

[Event "AUTO-ADV-4066"]
[Site "http://www.queenalice.com/game.php?id=1541506"]
[Date "2018.9.8"]
[Round "1"]
[White "adriano1953"]
[Black "Stephanoie"]
[Result "1-0"]
[WhiteElo "1927"]
[BlackElo "1442"]

1. d4 d5 2. c4 e6 3. Nf3 Nf6 4. Bg5 Be7 5. cxd5 exd5 6. e3 O-O 7. Bd3 Bg4 8. O-O
h6 9. Bf4 c6 10. Nc3 Nbd7 11. h3 Bxf3 12. Qxf3 Rc8 13. a3 1-0

[Event "AUTO-ADV-4066"]
[Site "http://www.queenalice.com/game.php?id=1541507"]
[Date "2018.9.8"]
[Round "1"]
[White "Stephanoie"]
[Black "worldwide"]
[Result "0-1"]
[WhiteElo "1627"]
[BlackElo "1782"]

1. Nf3 d5 2. d4 Nf6 3. e3 e6 4. c4 dxc4 5. Bxc4 Bb4+ 6. Bd2 Bxd2+ 7. Nbxd2 Nc6
8. O-O Bd7 9. a3 Na5 10. Be2 Qe7 11. b4 Nc6 12. Rc1 O-O-O 13. Bb5 Nb8 14. Bxd7+
Rxd7 0-1

[Event "AUTO-ADV-4066"]
[Site "http://www.queenalice.com/game.php?id=1541508"]
[Date "2018.9.8"]
[Round "1"]
[White "worldwide"]
[Black "Stephanoie"]
[Result "1-0"]
[WhiteElo "1771"]
[BlackElo "1650"]

1. e4 e6 2. d4 d5 3. e5 c5 4. c4 cxd4 5. Qxd4 Nc6 6. Qg4 Nxe5 7. Qd4 Nc6 8. Qd3
Nf6 9. Bg5 Be7 10. Nf3 O-O 11. Be2 d4 12. Nbd2 h6 13. Bh4 e5 14. Bg3 1-0

[Event "AUTO-OPEN-3973"]
[Site "http://www.queenalice.com/game.php?id=1541638"]
[Date "2018.9.8"]
[Round "1"]
[White "Benigno"]
[Black "Stephanoie"]
[Result "1-0"]
[WhiteElo "1960"]
[BlackElo "1670"]

1. d4 d5 2. Nf3 Nf6 3. e3 Bg4 4. Be2 e6 5. O-O c5 6. c3 cxd4 7. exd4 Be7 8. Nbd2
O-O 9. Ne5 Bxe2 10. Qxe2 Nc6 11. Nb3 Nxe5 12. dxe5 Nd7 13. Be3 Nxe5 14. Bxa7
Rxa7 15. Qxe5 Bf6 16. Qe2 Qc7 17. Nd4 1-0

[Event "AUTO-OPEN-3973"]
[Site "http://www.queenalice.com/game.php?id=1541639"]
[Date "2018.9.8"]
[Round "1"]
[White "Stephanoie"]
[Black "Benigno"]
[Result "0-1"]
[WhiteElo "1659"]
[BlackElo "1964"]

1. Nf3 d5 2. d4 Nf6 3. e3 e6 4. c4 c6 5. cxd5 exd5 6. a3 Bd6 7. Be2 O-O 8. O-O
Ne4 9. Nc3 Nxc3 10. bxc3 Nd7 11. c4 Nf6 12. cxd5 cxd5 13. Bb2 h6 14. h3 a6 15.
Nh2 Ne4 16. Bf3 f5 0-1